|
|
|
|
| LEADER |
00000pam a2200000 a 4500 |
| 001 |
23411 |
| 003 |
MY-KLNDU |
| 005 |
20241218081220.0 |
| 008 |
s2008 xxk d a 1 engdc |
| 020 |
|
|
|a 9780415366465 (hbk)
|
| 020 |
|
|
|a 0415366461 (hbk)
|
| 020 |
|
|
|a 0415364078
|
| 035 |
|
|
|a 0000033746
|
| 039 |
|
9 |
|a 201002111018
|b diyana
|c 200911181333
|d VLOAD
|c 200911181145
|d VLOAD
|y 200910091724
|z VLOAD
|
| 090 |
|
|
|a DS35.63
|b .I87 2008
|
| 245 |
0 |
4 |
|a The Islamic world
|c edited by Andrew Rippin
|
| 260 |
|
|
|a London
|a New York
|b Routledge
|c 2008
|
| 300 |
|
|
|a xx, 678p.
|b ill.maps
|c 26cm
|
| 504 |
|
|
|a Includes bibliographical references and index
|
| 591 |
|
|
|a 0000004489
|b 18/09/08
|c 0200-07
|d 1
|e RM975
|f 1
|g 975
|h Pustaka Darul Warisan Sdn. Bhd.
|
| 592 |
|
|
|a 00002323
|b 16/06/09
|c RM875.85
|d 1
|e 875.85
|
| 650 |
|
0 |
|a Civilization, Islamic
|
| 650 |
|
0 |
|a Islam
|y 20th century
|
| 651 |
|
0 |
|a Islamic countries
|x History
|
| 700 |
1 |
|
|a Rippin, Andrew
|d 1950-
|
| 999 |
|
|
|a vtls000032882
|c 23411
|d 23411
|